Ideas y creencias /

Guardado en:
Autor Principal: Ortega Y Gasset, José
Formato: Libro
Publicado: Buenos Aires : Espasa Calpe, 1952
Edición:4a. ed.
Series:Colección Austral
Materias:
Etiquetas: Agregar Etiqueta
Sin Etiquetas, Sea el primero en etiquetar este registro!
LEADER 00529nam a22001935a 4500
001 CEM.cems004790
005 20060217000000.0
008 130507s1952##################000#0#####d
003 CEMS
082 0 4 |a 864.6 
100 1 |a Ortega Y Gasset, José 
245 1 0 |a Ideas y creencias / 
250 |a 4a. ed. 
260 |a Buenos Aires :  |b Espasa Calpe,  |c 1952 
300 |a 144 p. 
490 0 |a Colección Austral 
653 |a Ensayo español-siglo 20 
653 |a Literatura 
859 |a CEMS  |b BIB. CEMS - 11 de abril  |h 864.6  |i Or1-1a4  |p 16385.91  |t Ej.1